| 000 | 00541nam a2200193Ia 4500 | ||
|---|---|---|---|
| 999 |
_c8804 _d8804 |
||
| 003 | OSt | ||
| 005 | 20210728095947.0 | ||
| 008 | 151021s9999 xx 000 0 und d | ||
| 020 | _a8170003156 | ||
| 040 |
_aMMU _beng _cMMU _dMMU |
||
| 050 | _aHD 62.15 .D37N16 2002 | ||
| 245 |
_aHow to improve quality in research / _cG.Devarajan |
||
| 260 |
_aNew Delhi : _bEss Ess, _c2002. |
||
| 300 | _a61 p. : | ||
| 500 | _aIncludes bibliography and index. | ||
| 650 | _a_Research | ||
| 942 |
_2lcc _cLOAN LOAN |
||
| 980 | _a^d20120130 03:08:50^okorir | ||